Score 0/20 Timer 08:00
22 Plays Today
% Correct
Canada
99.4%
Iceland
67.3%
Argentina
65.1%
Peru
56.3%
Finland
47.5%
Australia
42.5%
Portugal
36.2%
Madagascar
31.5%
Mongolia
31.5%
Taiwan
27.7%
% Correct
Trinidad and Tobago
25.7%
Senegal
25.7%
Tunisia
24.4%
Singapore
23.8%
Yemen
22.8%
Botswana
22.7%
Sri Lanka
22.4%
Kyrgyzstan
20.9%
Cyprus
18.2%
Sao Tome and Principe
15.7%
Remove Ads.
Support Sporcle.
Get the best of Sporcle when you Go Orange. This ad-free experience offers more features, more stats, and more fun while also helping to support Sporcle. Thank you for becoming a member.

You're not logged in!

Compare scores with friends on all Sporcle quizzes.
OR
Log In

Show Comments

Extras

Top Quizzes Today


Score Distribution

Your Account Isn't Verified!

In order to create a playlist on Sporcle, you need to verify the email address you used during registration. Go to your Sporcle Settings to finish the process.

Report this User

Report this user for behavior that violates our Community Guidelines.

Details: